| 000 | 00908nam a2200289 i 4500 | ||
|---|---|---|---|
| 001 | 000013976 | ||
| 003 | DO-SdBNP | ||
| 005 | 20260325143917.0 | ||
| 007 | ta | ||
| 008 | 091202s1996 dr a 000 p spa d | ||
| 040 |
_aDO-SdBNP _bspa _cBNPHU _erda |
||
| 041 | _aspa | ||
| 082 |
_aRD861.44 _bV476t _222 |
||
| 100 | 1 |
_aVeras, Leyda _eautor _931639 |
|
| 245 | 1 | 0 |
_aTiempo de acuario / _cLeyda Veras ; cuidado de edición Nelson Minaya. |
| 264 |
_aSanto Domingo : _b[Editora desconocida], _c1996. |
||
| 300 |
_a[92 páginas] : _bilustraciones. ; _c20 cm. |
||
| 336 |
_ardacontent _btexto _2txt |
||
| 337 |
_ardamedia _bsin mediación _2n |
||
| 338 |
_ardacarrier _bvolumen _2nc |
||
| 590 | _aInventariado, 2019/LP | ||
| 650 | 0 |
_aPoesía dominicana _966 |
|
| 650 | 0 |
_aLiteratura dominicana. _967 |
|
| 700 | 1 |
_aMinaya, Nelson, _feditor _931640 |
|
| 910 | _aValidado. Control de calidad EMS | ||
| 942 |
_2ddc _cLBS1 |
||
| 999 |
_c13580 _d13580 |
||